Statistics for Famous Places in Vietnam

Click here to take the quiz!

General Stats

  • This quiz has been taken 95 times
  • The average score is 11 of 19

Answer Stats

HintPlace% Correct
Former name of Ho Chi Minh CitySaigon
91%
City where one can see Ho Chi Minh's mausoleumHanoi
90%
The Imperial City and Perfume River are in this former capitalHue
77%
Bay featuring thousands of limestone karstsHa Long Bay
74%
In the extreme south where most rice is grown{Mekong} Delta
74%
The Marble Mountains are near this largest central region cityDanang
71%
Vietnam's largest islandPhu Quoc
66%
Ancient town with an iconic Japanese covered bridgeHoi An
59%
Northern ethnic minority village 9km from Fansipan mountainSa Pa
57%
The French built it as a resort in the highlandsDa Lat
52%
South central coastal city popular for its beaches and divingNha Trang
51%
Lake of the Returned Sword{Hoan} {Kiem} Lake
50%
District of Ho Chi Minh City with extensive Viet Cong tunnelsCu Chi
49%
Battle in this town ended French involvement in IndochinaDien Bien Phu
45%
Has the largest known cross-section in the world{Son} {Doong} Cave
44%
Popular beach resort town with sand dunesMui Ne
40%
Body of water famous for a 1964 "incident"Gulf of {Tonkin}
39%
World Heritage site with Hindu temples built by Cham kings{My} {Son}
23%
"Hotel" nickname of prison where McCain stayed{Hanoi} {Hilton}
22%

Score Distribution

Percentile by Number Answered

Percent of People with Each Score

Your Score History

You have not taken this quiz